| 000 | 01642nam0a2200337 i 4500 | ||
|---|---|---|---|
| 001 | RU\NLR\BIBL_A\011372331 | ||
| 005 | 20241104161331.0 | ||
| 010 |
_a9785990879386 _950 |
||
| 021 |
_aRU _b2017-20782 _91537 |
||
| 035 | _a(RuMoRGB)008834955 | ||
| 035 | _a(NLR Aleph) 011372331 | ||
| 090 |
_a11358496 _c11358496 |
||
| 100 | _a20170421d2016 km y0rusy50 ca | ||
| 101 | 0 | _arus | |
| 102 | _aRU | ||
| 105 | _aa|||z|||000zy | ||
| 200 | 1 |
_aПрогнозирование опасных природно-техногенных процессов на водосборе реки с использованием элементов искусственного интеллекта _e[монография] _fКрасногорская Н. Н., Нафикова Э. В. |
|
| 210 |
_aУфа _cПервая типография _d2016 |
||
| 215 |
_a214 с. _cил., цв. ил. _d21 |
||
| 320 | _aБиблиогр.: с. 177-202 (235 назв.) | ||
| 606 | 1 |
_aПриродно-техногенные процессы опасные _xГеоэкологический анализ _xБассейн _yБелая, река (Урал Южный) _92294497 _3RU\NLR\AUTH\6601601158 |
|
| 607 |
_aБелая, река (Урал Южный) _xГидроэкология _92294499 _3RU\NLR\AUTH\6601601159 |
||
| 686 |
_aД225.238с181,0 _2rubbk |
||
| 686 | 1 | _aД492.298(2Р36,833) | |
| 686 | 1 | _aД225.8(2Р36,833) | |
| 700 | 1 |
_aКрасногорская _bН. Н. _gНаталия Николаевна |
|
| 701 | 1 |
_aНафикова _bЭ. В. _gЭльвира Валериковна |
|
| 942 | _cBOOK | ||
| 980 | _aNBR | ||